000 00331nam a2200145Ia 4500
008 230312s9999||||xx |||||||||||||| ||und||
020 _a9781484242179
082 _a006.384
_bSIL-P
100 _aZettl
245 0 _aVideo Basics
260 _bApress
_c2018
300 _a345
650 _aComputer
_vElectronic books
942 _cBK
999 _c18064
_d18064